Exclusión Social: más allá de la pobreza /

Պահպանված է:
Մատենագիտական մանրամասներ
Հիմնական հեղինակ: Sojo, Carlos
Ձևաչափ: Տեքստ
Խորագրեր:
Ցուցիչներ: Ավելացրեք ցուցիչ
Չկան պիտակներ, Եղեք առաջինը, ով նշում է այս գրառումը!

MARC

LEADER 00000 a a2200000 04500
001 4224
003
040
100 |a Sojo, Carlos  
245 |a Exclusión Social:   |b más allá de la pobreza /  |c Carlos Sojo 
650 |a EXCLUSION SOCIAL  
650 |a TEORIA SOCIAL  
650 |a AMERICA LATINA  
773 |g número 142; páginas 11-23  
999 |c 39984  |d 39984